1472 1824 1232 1355 1149 2000 1377 1959 1629 1627 1343 1463 1254 1685 1124 1712 1585 1314 1923 1215 1122 1728 1182 1088 1082 1958 1079 1157 1168 1231 1068 1890 1478 1471 1872 1473 1901 1493 1889 1895 1297 1396 1274 1710 1395 1736 1884 1117 1828 1763 1274 1693 1437 1258 1768 1296 1005 1441 1246 1723 1091 1105 1083 1336 1811 1610 1335 1259 1489 1098 1671 1320 1087 1957 1913 1976 1137 1979 1304 1131 1413 1198 1044 1521 1976 1790 1013 1322 1872 1436 1958 1788 1493 1315 1080 1912 1188 1242 1568 BCNSPRNW ULIB Ver.6.0+V

เปลี่ยนเป็นภาษาไทย

Change to English
 แสดงรายละเอียดบรรณานุกรม
  กลับหน้าหลัก

Brief Record : Get Marc (ISO 2709) : E-mail record : QR code < ปิดหน้าต่าง
LEADER : 00000nam 2200000uu 4500
001    13399124434
003     ULIB
008    150717s2557||||th 000 0 tha d
020    ^a9786163615855
060  4 ^aWB935^bบ427 ล.2
100 0  ^aบุญชัย อิศราพิสิษฐ์
245 10 ^aพิชิตโรคโดยไม่ใช้ยา เล่ม 2 ตอน หยุดแก่เร็ว หยุดป่วย ด้วยธรรมชาติบำบัด /^cบุญชัย อิศราพิสิษฐ์
250    ^aพิมพ์ครั้งที่ 3
260    ^aกรุงเทพฯ :^bสุขภาพดี,^c2557
300    ^a240 หน้า :^bภาพประกอบ
500    ^aพิชิตโรคร้าย--โดยไม่ใช้ยา สุดยอดหนังสือดี เล่ม 1
650  7 ^aการดูแลสุขภาพด้วยตนเอง
650  7 ^aพฤติกรรมสุขภาพ
650  7 ^aการรักษาด้วยธรรมชาติ
650  7 ^aการดูแลตนเอง
945    ^p200^l0^i22986
999    ^aทศพร เกษรทอง
รายการนี้ยังไม่มีแท็ก
คุณยังไม่ได้ล็อกอิน คุณสามารถมีกิจกรรมร่วมกับเว็บไซต์ได้ แต่ต้องล็อกอินก่อน ::
  ล็อกอิน

รายการสื่อสารสนเทศ

ลำดับที่ ประเภท เลขเรียก/บาร์โค้ด สถานที่ สถานะ
1. วิทยาศาสตร์การแพทย์ และสุขภาพ
วิทยาศาสตร์การแพทย์ และสุขภาพ
สถานะ=หนังสือเก่า
WB935 บ427 ล.2 ฉ.1 
  Barcode: 22986
ห้องสมุดวิทยาเขตนครสวรรค์
►ส่วนจัดเก็บหนังสือเก่า นว.
บนชั้น
  ขอยืม

รายการใกล้เคียง
    ผู้แต่ง [บุญชัย อิศราพิสิษฐ์]

    หัวเรื่อง [การดูแลสุขภาพด้วยตนเอง]
    หัวเรื่อง [พฤติกรรมสุขภาพ]
    หัวเรื่อง [การรักษาด้วยธรรมชาติ]
    หัวเรื่อง [การดูแลตนเอง]

BibComment


ยังไม่เคยถูกคอมเมนท์

คอมเมนท์ทรัพยากรรายการนี้
  คอมเมนท์: พิชิตโรคโดยไม่ใช..


 Copyright 2026. Bcnsprnw @Library